|
|
|
|
| LEADER |
01276nam a2200301 c 4500 |
| 001 |
c000136900 |
| 003 |
CARM |
| 005 |
00000000000000.0 |
| 008 |
750918s1976 wb a b 10010 eng |
| 019 |
1 |
|
|a 9317989
|z 40263805
|z 239889
|5 LACONCORD2021
|
| 020 |
|
|
|a 0387072748
|
| 035 |
|
|
|a (OCoLC)1733556
|5 LACONCORD2021
|
| 040 |
|
|
|d SIT
|
| 050 |
0 |
0 |
|a TA656.2
|b .S95 1974
|
| 111 |
2 |
0 |
|a Symposium on Buckling of Structures
|d (1974 :
|c Harvard University)
|
| 245 |
1 |
0 |
|a Buckling of structures :
|b Symposium, Cambridge/USA, June 17-21, 1974 /
|c editor, Bernard Budiansky.
|
| 260 |
|
|
|a Berlin ;
|a New York :
|b Springer-Verlag,
|c 1976.
|
| 300 |
|
|
|a viii, 398 p. :
|b ill. ;
|c 24 cm.
|
| 500 |
|
|
|a At head of title: International Union of Theoretical and Applied Mechanics.
|
| 504 |
|
|
|a Includes bibliographical references.
|
| 650 |
|
0 |
|a Buckling (Mechanics)
|x Congresses.
|
| 650 |
|
0 |
|a Structural stability
|x Congresses.
|
| 700 |
1 |
|
|a Budiansky, Bernard.
|
| 710 |
2 |
0 |
|a International Union of Theoretical and Applied Mechanics.
|
| 852 |
8 |
|
|b CARM
|h A2:AD09E0
|i C01624
|p 0084302
|f BK
|
| 082 |
0 |
4 |
|a 624/.176
|
| 999 |
f |
f |
|i 70b24598-e98f-50cc-890b-e292f0162dbc
|s 3311c9bb-fd96-59cf-b0ac-abe575460dcc
|
| 952 |
f |
f |
|p Can circulate
|a CAVAL
|b CAVAL
|c CAVAL
|d CARM 1 Store
|e C01624
|f A2:AD09E0
|h Other scheme
|i book
|m 0084302
|